000 00640nam a2200217 a 4500
001 45906
003 BD-RjUL
005 20211209054101.0
008 160728s1948 ii 000 0 eng
035 _a(BD-RjUL) 46024
040 _aANL
_beng
_cANL
_dBD-RjUL
041 _aeng
082 _223
_a332.4954
_bDAM 1948
100 1 _aDadachanji, Behram Edulji.
_9140383
245 1 4 _aThe monetary system of India /
_cBehram Edulji Dadachanji,
260 _aBombay :
_bD. B. Taraporevala Sons,
_c1948 ?
300 _axiv, 347 p. ;
_c22 cm.
650 0 _aCurrency question
_zIndia.
_9140384
650 0 _aMoney
_zIndia.
_9140385
942 _2ddc
_cBK
999 _c45906
_d45906